Work 2000 : (Record no. 18004)
[ view plain ]
| 000 -LEADER | |
|---|---|
| fixed length control field | 00926 am a2200277ua 4500 |
| 001 - CONTROL NUMBER | |
| control field | 012040251 |
| 005 - DATE AND TIME OF LATEST TRANSACTION | |
| control field | 20140302112220.0 |
| 008 - FIXED-LENGTH DATA ELEMENTS--GENERAL INFORMATION | |
| fixed length control field | 911023t1991 xxka grb 001 0 eng d |
| 020 ## - INTERNATIONAL STANDARD BOOK NUMBER | |
| International Standard Book Number | 185396106X |
| 020 ## - INTERNATIONAL STANDARD BOOK NUMBER | |
| International Standard Book Number | 9781853961069 |
| 040 ## - CATALOGING SOURCE | |
| Original cataloging agency | Uk |
| Transcribing agency | Uk |
| 043 ## - GEOGRAPHIC AREA CODE | |
| Geographic area code | e-uk--- |
| 082 04 - DEWEY DECIMAL CLASSIFICATION NUMBER | |
| Classification number | 330.941 |
| Edition number | 22 |
| Item number | STA |
| 100 1# - MAIN ENTRY--PERSONAL NAME | |
| Personal name | Stanworth, John |
| 9 (RLIN) | 35011 |
| 245 10 - TITLE STATEMENT | |
| Title | Work 2000 : |
| Remainder of title | the future for industry, employment and society / |
| Statement of responsibility, etc | John Stanworth and Celia Stanworth. |
| 260 ## - PUBLICATION, DISTRIBUTION, ETC. (IMPRINT) | |
| Place of publication, distribution, etc | London : |
| Name of publisher, distributor, etc | Paul Chapman Publishing Ltd., |
| Date of publication, distribution, etc | c.1991. |
| 300 ## - PHYSICAL DESCRIPTION | |
| Extent | x, 262 p. : |
| Other physical details | tables ; |
| Dimensions | 24 cm. |
| 500 ## - GENERAL NOTE | |
| General note | Index : p. 257-262. |
| 504 ## - BIBLIOGRAPHY, ETC. NOTE | |
| Bibliography, etc | Bibliography : p . 256-252. |
| 651 #0 - SUBJECT ADDED ENTRY--GEOGRAPHIC NAME | |
| Geographic name | Great Britain |
| General subdivision | Economic conditions |
| Chronological subdivision | 1964-1979 |
| 9 (RLIN) | 33412 |
| 651 #0 - SUBJECT ADDED ENTRY--GEOGRAPHIC NAME | |
| Geographic name | Great Britain |
| General subdivision | Economic conditions |
| Chronological subdivision | 1979-1997 |
| 9 (RLIN) | 33413 |
| 653 ## - INDEX TERM--UNCONTROLLED | |
| Resource For college | BAEPS, Economics |
| Arrived date list | February2014 |
| 655 ## - INDEX TERM--GENRE/FORM | |
| Form subdivision | |
| -- | 34232 |
| 700 1# - ADDED ENTRY--PERSONAL NAME | |
| Personal name | Stanworth, Celia |
| 9 (RLIN) | 35010 |
| 942 ## - ADDED ENTRY ELEMENTS (KOHA) | |
| Source of classification or shelving scheme | Dewey Decimal Classification |
| Call number prefix | 330.941 STA |
| Withdrawn status | Item status | Source of classification or shelving scheme | Damaged status | Not for loan | Vendor | Home library | Current library | Shelving location | Date acquired | Source of acquisition | Total Checkouts | Full call number | Barcode | Date last seen | Koha item type |
|---|---|---|---|---|---|---|---|---|---|---|---|---|---|---|---|
| Dewey Decimal Classification | Donation-Gift | Central Library | Central Library | First floor | 02/02/2014 | Donation | 330.941 STA | 000035558 | 15/07/2025 | Book - Borrowing |